000 00730cam a2200217 4500
001 WB3833-02
008 020909n2002 000 0 eng u
035 _a(Sirsi) u119590
245 _aHousebuilding: July 2002
260 _c2002
490 _aODPM News Release
_v(HB-9) 5 September 2002 (2)
520 _aProvisional estimates show 18 100 dwellings started in Great Britain in July 2002 compared with 16 400 in July 2001. July 2002 completions were 14 600, 200 more than July 2001. http://www.odpm.gov.uk/news/0209/hb-9.htm
590 _aWB
650 _aHOUSE BUILDING
650 _aHOUSING
650 _aNEW STARTS
650 _aCOMPLETIONS
650 _aSTATISTICS
690 _aBUILT ENVIRONMENT
942 _n0
999 _c71107
_d71107